<?xml version="1.0" encoding="UTF-8"?>
<record
    xmlns:xsi="http://www.w3.org/2001/XMLSchema-instance"
    xsi:schemaLocation="http://www.loc.gov/MARC21/slim http://www.loc.gov/standards/marcxml/schema/MARC21slim.xsd"
    xmlns="http://www.loc.gov/MARC21/slim">

  <leader>01246nam0a22002771  4500</leader>
  <controlfield tag="001">v19\rc\1944862</controlfield>
  <controlfield tag="005">20260407121843.0</controlfield>
  <datafield tag="035" ind1=" " ind2=" ">
    <subfield code="a">(NLR Aleph) 005030714</subfield>
  </datafield>
  <datafield tag="090" ind1=" " ind2=" ">
    <subfield code="a">6687986</subfield>
    <subfield code="c">6687986</subfield>
  </datafield>
  <datafield tag="100" ind1=" " ind2=" ">
    <subfield code="a">20080428d1913    u  y0rusy50      ca</subfield>
  </datafield>
  <datafield tag="101" ind1="0" ind2=" ">
    <subfield code="a">rus</subfield>
  </datafield>
  <datafield tag="102" ind1=" " ind2=" ">
    <subfield code="a">RU</subfield>
  </datafield>
  <datafield tag="105" ind1=" " ind2=" ">
    <subfield code="a">ac  z   |||||</subfield>
  </datafield>
  <datafield tag="200" ind1="1" ind2=" ">
    <subfield code="a">&#x414;&#x435;&#x44F;&#x43D;&#x438;&#x44F; &#x412;&#x442;&#x43E;&#x440;&#x43E;&#x433;&#x43E; &#x412;&#x441;&#x435;&#x440;&#x43E;&#x441;&#x441;&#x438;&#x439;&#x441;&#x43A;&#x43E;&#x433;&#x43E; &#x441;&#x43E;&#x431;&#x43E;&#x440;&#x430; &#x425;&#x440;&#x438;&#x441;&#x442;&#x438;&#x430;&#x43D;&#x441;&#x43A;&#x43E;&#x433;&#x43E; &#x43F;&#x43E;&#x43C;&#x43E;&#x440;&#x441;&#x43A;&#x43E;&#x433;&#x43E; &#x446;&#x435;&#x440;&#x43A;&#x43E;&#x432;&#x43D;&#x43E;&#x433;&#x43E; &#x43E;&#x431;&#x449;&#x435;&#x441;&#x442;&#x432;&#x430; &#x432; &#x446;&#x430;&#x440;&#x441;&#x442;&#x432;&#x443;&#x44E;&#x449;&#x435;&#x43C; &#x433;&#x440;&#x430;&#x434;&#x435; &#x41C;&#x43E;&#x441;&#x43A;&#x432;&#x435; &#x432; &#x43B;&#x435;&#x442;&#x43E; &#x43E;&#x442; &#x441;&#x43E;&#x442;&#x432;&#x43E;&#x440;&#x435;&#x43D;&#x438;&#x44F; &#x43C;&#x438;&#x440;&#x430; 7421 &#x441;&#x435;&#x43D;&#x442;&#x44F;&#x431;&#x440;&#x44F; &#x432; &#x434;&#x43D;&#x438; &#x441; 10 &#x43F;&#x43E; 17</subfield>
    <subfield code="f">&#x412;&#x442;&#x43E;&#x440;&#x43E;&#x439; &#x412;&#x441;&#x435;&#x440;&#x43E;&#x441;. &#x441;&#x43E;&#x431;&#x43E;&#x440; &#x425;&#x440;&#x438;&#x441;&#x442;&#x438;&#x430;&#x43D;. &#x43F;&#x43E;&#x43C;&#x43E;&#x440;. &#x446;&#x435;&#x440;&#x43A;. &#x43E;-&#x432;&#x430;. &#x41C;&#x43E;&#x441;&#x43A;&#x432;&#x430;. 1913</subfield>
  </datafield>
  <datafield tag="210" ind1=" " ind2=" ">
    <subfield code="a">&#x41C;&#x43E;&#x441;&#x43A;&#x432;&#x430;</subfield>
    <subfield code="c">&#x421;&#x43E;&#x432;&#x435;&#x442; &#x441;&#x43E;&#x431;&#x43E;&#x440;&#x43E;&#x432;</subfield>
    <subfield code="d">1913</subfield>
  </datafield>
  <datafield tag="215" ind1=" " ind2=" ">
    <subfield code="a">XII, 280 &#x441;.</subfield>
    <subfield code="c">&#x438;&#x43B;., &#x43F;&#x43E;&#x440;&#x442;&#x440;.</subfield>
    <subfield code="d">29</subfield>
  </datafield>
  <datafield tag="710" ind1="1" ind2="2">
    <subfield code="a">&#x412;&#x441;&#x435;&#x440;&#x43E;&#x441;&#x441;&#x438;&#x439;&#x441;&#x43A;&#x438;&#x439; &#x441;&#x43E;&#x431;&#x43E;&#x440; &#x445;&#x440;&#x438;&#x441;&#x442;&#x438;&#x430;&#x43D;-&#x43F;&#x43E;&#x43C;&#x43E;&#x440;&#x446;&#x435;&#x432;, &#x43F;&#x440;&#x438;&#x435;&#x43C;&#x43B;&#x44E;&#x449;&#x438;&#x445; &#x431;&#x440;&#x430;&#x43A;</subfield>
    <subfield code="d">2</subfield>
    <subfield code="f">1913</subfield>
    <subfield code="e">&#x41C;&#x43E;&#x441;&#x43A;&#x432;&#x430;</subfield>
    <subfield code="3">RU\NLR\AUTH\8810070635</subfield>
    <subfield code="9">642936</subfield>
  </datafield>
  <datafield tag="801" ind1=" " ind2="0">
    <subfield code="a">RU</subfield>
    <subfield code="b">NLR</subfield>
    <subfield code="g">psbo</subfield>
  </datafield>
  <datafield tag="801" ind1=" " ind2="0">
    <subfield code="a">RU</subfield>
    <subfield code="b">RuMoRGB</subfield>
    <subfield code="2">psbo</subfield>
  </datafield>
  <datafield tag="801" ind1=" " ind2="1">
    <subfield code="a">RU</subfield>
    <subfield code="b">ProSoft-M</subfield>
    <subfield code="2">rusmarc</subfield>
  </datafield>
  <datafield tag="852" ind1=" " ind2=" ">
    <subfield code="a">NLR</subfield>
    <subfield code="j">38.9.2.19(2)</subfield>
  </datafield>
  <datafield tag="899" ind1=" " ind2=" ">
    <subfield code="a">RuMoRGB</subfield>
    <subfield code="j">U 62/128</subfield>
  </datafield>
  <datafield tag="899" ind1=" " ind2=" ">
    <subfield code="a">&#x411;&#x410;&#x41D;</subfield>
  </datafield>
  <datafield tag="942" ind1=" " ind2=" ">
    <subfield code="c">BOOK</subfield>
  </datafield>
  <datafield tag="980" ind1=" " ind2=" ">
    <subfield code="a">NB</subfield>
  </datafield>
  <datafield tag="995" ind1=" " ind2=" ">
    <subfield code="5">2013-10-26</subfield>
    <subfield code="b">NLR02</subfield>
    <subfield code="c">NLR02</subfield>
    <subfield code="e">RFS</subfield>
    <subfield code="f">1-4007367</subfield>
    <subfield code="k">38.9.2.19(2)</subfield>
    <subfield code="o">0</subfield>
    <subfield code="r">BOOK</subfield>
    <subfield code="s">3892192_</subfield>
  </datafield>
  <datafield tag="995" ind1=" " ind2=" ">
    <subfield code="5">2013-10-26</subfield>
    <subfield code="b">NLR01</subfield>
    <subfield code="c">NLR01</subfield>
    <subfield code="e">TEMP</subfield>
    <subfield code="f">5030714-30</subfield>
    <subfield code="o">0</subfield>
    <subfield code="r">BOOK</subfield>
  </datafield>
</record>
